Nommez une mer bordant chaque pays - Statistiques

Statistiques générales
  • Ce quiz a été pris 810 fois
  • Le résultat moyen est 108 sur 151
Réponses sur la Carte
Les réponses sont colorées sur une échelle allant du rouge au vert en fonction du pourcentage des utilisateurs qui les ont devinées à leur premier essai. Vous pouvez retrouver ces pourcentages ci-dessous.
 
Statistiques - réponses
Mer Pays % Correct
Golfe de Gascogne, Manche, Mer Celtique, Mer de Ligure, Mer du Nord, Mer Méditerranée, Mer Tyrrhénienne France
99%
Mer De Marmara, Mer Egée, Mer Méditerranée, Mer Noire Turquie
99%
Mer Méditerranée, Mer Rouge Égypte
98%
Mer Egée, Mer Ionienne, Mer Méditerranée Grèce
98%
Mer Adriatique, Mer de Ligure, Mer Ionienne, Mer Méditerranée, Mer Tyrrhénienne Italie
97%
Golfe d'Anadyr, Mer Baltique, Mer Blanche, Mer d'Azov, Mer d'Okhotsk, Mer de Barents, Mer de Béring, Mer de Kara, Mer de Laptev, Mer de Petchora, Mer de Sibérie Orientale, Mer du Japon, Mer Noire Russie
97%
Mer d'Alboran, Mer Méditerranée Algérie
96%
Mer Baltique, Mer du Nord Allemagne
96%
Mer Méditerranée Chypre
96%
Mer Baltique, Mer du Nord Danemark
96%
Mer d'Alboran, Mer des Baléares, Mer Méditerranée Espagne
96%
Mer Méditerranée Israël
96%
Mer Méditerranée Liban
96%
Mer Méditerranée Libye
96%
Mer Méditerranée Malte
96%
Mer Méditerranée Monaco
96%
Mer Méditerranée Syrie
96%
Mer Méditerranée Tunisie
96%
Manche, Mer Celtique, Mer d'Irlande, Mer du Nord Royaume-Uni
95%
Océan Atlantique, Océan Indien Afrique du Sud
93%
Mer de Barents, Mer de Norvège, Mer du Nord Norvège
93%
Océan Atlantique Angola
92%
Océan Atlantique Argentine
92%
Océan Atlantique Bahamas
92%
Mer du Nord Belgique
92%
Océan Atlantique Brésil
92%
Océan Atlantique Cap-Vert
92%
Océan Atlantique, Océan Pacifique Chili
92%
Océan Atlantique Gambie
92%
Océan Atlantique Guinée
92%
Océan Atlantique Guinée-Bissau
92%
Océan Atlantique Guyana
92%
Océan Atlantique Liberia
92%
Océan Atlantique Mauritanie
92%
Océan Atlantique Namibie
92%
Océan Pacifique Palaos
92%
Mer du Nord Pays-Bas
92%
Océan Atlantique Portugal
92%
Océan Atlantique République Démocratique du Congo
92%
Océan Atlantique République du Congo
92%
Océan Atlantique Sénégal
92%
Océan Atlantique Sierra Leone
92%
Océan Atlantique Suriname
92%
Océan Atlantique Uruguay
92%
Mer Noire Bulgarie
91%
Océan Pacifique Équateur
91%
Océan Pacifique États Fédérés de Micronésie
91%
Océan Pacifique Fidji
91%
Mer Noire Géorgie
91%
Océan Pacifique Îles Marshall
91%
Océan Pacifique Kiribati
91%
Océan Pacifique Nauru
91%
Océan Pacifique Pérou
91%
Mer Noire Roumanie
91%
Océan Pacifique Salvador
91%
Océan Pacifique Samoa
91%
Océan Pacifique Tonga
91%
Océan Pacifique Tuvalu
91%
Mer d'Azov, Mer Noire Ukraine
91%
Golfe d'Aden, Mer Arabique, Mer Rouge Yémen
91%
Golfe Persique, Mer Rouge Arabie Saoudite
90%
Golfe d'Aden, Mer Rouge Djibouti
90%
Mer Rouge Érythrée
90%
Mer Rouge Jordanie
90%
Mer Rouge Soudan
90%
Océan Indien Kenya
88%
Océan Indien Maurice
88%
Océan Indien Seychelles
88%
Océan Indien Tanzanie
88%
Golfe du Mexique, Mer des Caraïbes Cuba
84%
Golfe de Californie, Golfe du Mexique, Mer des Caraïbes Mexique
84%
Mer des Caraïbes Antigua-et-Barbuda
77%
Mer des Caraïbes Barbade
77%
Mer des Caraïbes Belize
77%
Mer des Caraïbes Colombie
77%
Mer des Caraïbes Costa Rica
77%
Mer des Caraïbes Dominique
77%
Mer des Caraïbes Grenade
77%
Mer des Caraïbes Guatemala
77%
Mer des Caraïbes Haïti
77%
Mer des Caraïbes Honduras
77%
Mer des Caraïbes Jamaïque
77%
Mer des Caraïbes Nicaragua
77%
Mer des Caraïbes Panama
77%
Mer des Caraïbes République Dominicaine
77%
Mer des Caraïbes Saint-Christophe- et-Niévès
77%
Mer des Caraïbes Sainte-Lucie
77%
Mer des Caraïbes Saint-Vincent-et-les-Grenadines
77%
Mer des Caraïbes Trinité-et-Tobago
77%
Mer des Caraïbes Venezuela
77%
Mer Baltique Estonie
75%
Golfe de Botnie, Mer Baltique Finlande
75%
Mer Baltique Lettonie
75%
Mer Baltique Lituanie
75%
Mer Baltique Pologne
75%
Golfe de Botnie, Mer Baltique Suède
75%
Mer de Chine Orientale, Mer du Japon, Mer Jaune Corée du Sud
73%
Mer du Japon, Mer Jaune Corée du Nord
70%
Golfe d'Alaska, Golfe de Maine, GOLFE DU MEXIQUE ET PAS GOLFE D'AMERIQUE, Mer de Béring, Mer des Tchouktches États-Unis
67%
Mer Adriatique, Mer Ionienne Albanie
66%
Mer Adriatique Bosnie-Herzégovine
65%
Mer Adriatique Croatie
65%
Mer Adriatique Monténégro
65%
Mer Adriatique Slovénie
65%
Mer d'Okhotsk, Mer de Chine Orientale, Mer des Philippines, Mer du Japon Japon
64%
Golfe de Tonkin, Mer de Chine Méridionale, Mer de Chine Orientale, Mer Jaune Chine
63%
Mer Celtique, Mer d'Irlande Irlande
53%
Golfe du Bengale, Mer Arabique, Mer des Laquedives Inde
52%
Golfe de Carpentarie, Grande Baie Australienne, Mer d'Arafura, Mer de Corail, Mer de Tasman, Mer du Timor Australie
50%
Mer de Chine Méridionale, Mer de Chine Orientale, Mer des Philippines Taïwan
47%
Golfe de Guinée Bénin
44%
Golfe de Guinée Cameroun
44%
Golfe de Guinée Côte d'Ivoire
44%
Golfe d'Oman, Golfe Persique Émirats Arabes Unis
44%
Golfe de Guinée Gabon
44%
Golfe de Guinée Ghana
44%
Golfe de Guinée Guinée Équatoriale
44%
Détroit de Makassar, Détroit de Malacca, Mer de Banda, Mer de Bismarck, Mer de Célèbes, Mer de Céram, Mer de Chine Méridionale, Mer de Florès, Mer de Halmahera, Mer des Moluques, Mer de Savu Indonésie
44%
Golfe d'Oman, Golfe Persique Iran
44%
Golfe de Guinée Nigeria
44%
Golfe de Guinée Sao Tomé-et-Principe
44%
Golfe de Guinée Togo
44%
Mer de Célèbes, Mer de Chine Méridionale, Mer de Sulu, Mer des Moluques, Mer des Philippines Philippines
43%
Golfe du Bengale, Mer d'Andaman Birmanie
42%
Golfe de Thaïlande, Mer de Chine Méridionale Cambodge
42%
Golfe d'Oman, Mer Arabique Oman
42%
Golfe d'Oman, Mer Arabique Pakistan
42%
Golfe de Thaïlande, Mer de Chine Méridionale Thaïlande
42%
Golfe de Thaïlande, Golfe de Tonkin, Mer de Chine Méridionale Viêt Nam
42%
Golfe du Bengale Bangladesh
40%
Mer de Tasman Nouvelle-Zélande
40%
Golfe d'Aden, Mer Arabique Somalie
40%
Golfe Persique Bahreïn
38%
Baie de Baffin, Baie d'Hudson, Golfe de Maine, Golfe du Saint-Laurent,Mer de Beaufort, Mer du Labrador Canada
38%
Golfe Persique Irak
38%
Golfe Persique Koweït
38%
Golfe Persique Qatar
38%
Canal du Mozambique Comores
37%
Canal du Mozambique Madagascar
37%
Détroit de Malacca, Mer de Chine Méridionale, Mer de Sulu Malaisie
37%
Canal du Mozambique Mozambique
37%
Mer Arabique, Mer des Laquedives Maldives
35%
Mer de Chine Méridionale Brunei
30%
Mer de Norvège, Mer du Groenland Islande
30%
Mer de Chine Méridionale Singapour
30%
Mer de Corail, Mer des Salomon Îles Salomon
28%
Mer de Bismarck, Mer de Corail, Mer des Salomon Papouasie-Nouvelle-Guinée
28%
Mer de Corail Vanuatu
23%
Mer de Banda, Mer du Timor Timor Oriental
10%
Mer des Laquedives Sri Lanka
6%
Mer d'Alboran Maroc
4%
Aucun quiz correspondant
Distribution des résultats
% des personnes avec chaque résultat
Percentile par nombre de réponses
Votre historique - résultats
Vous n’avez pas pris ce quiz